00589nam a2200157Ia 4500003000900000008004100009020002600050020002700076040001600103100002000119245010200139260003200241300002000273490003400293856010400327IN-BaIIA211028s9999 xx s 000 0 eng d a9781510634091 (Print) a9781510634107 (Online) cIIA Library aXu, Huaiyu, ed. 0a2019 International Conference on Image and Video Processing, and Artificial Intelligenceh[eBook] aWashington, USAbSPIEc2019 aOnline resource aProceedings of SPIE; V. 11321 uhttps://www.spiedigitallibrary.org/conference-proceedings-of-spie/11321yClick Here to Access eBook